000
00209nam a22000977a 4500
999
_c
4634
_d
4634
008
250306b ||||| |||| 00| 0 eng d
020
_a
9781563261626
082
_a
FIC DIS
245
_a
SCARED SILLY
942
_2
ddc